Bharatiya Nari Ka Dharmashastriya Adhyan (Record no. 59853)
[ view plain ]
| 000 -LEADER | |
|---|---|
| fixed length control field | 00492nam a2200181Ia 4500 |
| 001 - CONTROL NUMBER | |
| control field | 59978 |
| 008 - FIXED-LENGTH DATA ELEMENTS--GENERAL INFORMATION | |
| fixed length control field | 080101n ii |||gr||||Z||||||hin |
| 082 ## - DEWEY DECIMAL CLASSIFICATION NUMBER | |
| Classification number | 891.434 |
| 100 ## - MAIN ENTRY--PERSONAL NAME | |
| Personal name | Shribastav,Puja , |
| Relator term | Author. |
| 245 #0 - TITLE STATEMENT | |
| Title | Bharatiya Nari Ka Dharmashastriya Adhyan |
| Statement of responsibility, etc. | Puja Shribastav |
| Medium | Textual Documents |
| 250 ## - EDITION STATEMENT | |
| Edition statement | Ist ed. |
| 260 ## - PUBLICATION, DISTRIBUTION, ETC. | |
| Place of publication, distribution, etc. | Kanpur: |
| Name of publisher, distributor, etc. | Aradhana Badse. |
| 300 ## - PHYSICAL DESCRIPTION | |
| Extent | 212pg: |
| Dimensions | 23cm. |
| 653 ## - INDEX TERM--UNCONTROLLED | |
| Uncontrolled term | Hindi literature-Criticism |
| 653 ## - INDEX TERM--UNCONTROLLED | |
| Uncontrolled term | Hindi |
| 653 ## - INDEX TERM--UNCONTROLLED | |
| Uncontrolled term | G-Hindi |
| 942 ## - ADDED ENTRY ELEMENTS (KOHA) | |
| Source of classification or shelving scheme | Dewey Decimal Classification |
| Koha item type | Books |
| Withdrawn status | Lost status | Damaged status | Not for loan | Collection | Home library | Current library | Shelving location | Date acquired | Coded location qualifier | Cost, normal purchase price | Total checkouts | Full call number | Barcode | Date last seen | Copy number | Price effective from | Koha item type |
|---|---|---|---|---|---|---|---|---|---|---|---|---|---|---|---|---|---|
| Dr. Suryya Kumar Bhuyan Library | Dr. Suryya Kumar Bhuyan Library | 01/01/2008 | 00000 | 300.00 | 891.434 Sr 38 Bh | 1646/Hindi | 14/01/2024 | 1 | 01/01/2008 | Books |
